[Event "English Schools Championship Final 2024"]
[Site "Nottingham University Kings Meadow Campus, United Kingdom"]
[Date "2024.06.28"]
[Round "5.50"]
[White "Agrawal, Ansh"]
[Black "Zhao, Haolin"]
[Result "0-1"]
[TimeControl "G50' + 10\" per move."]
[WhiteFideId "473634"]
[BlackFideId "428680"]
[WhiteElo "1589"]
[BlackElo "1968"]

1. e4 {[%clk 00:50:18]} {[%emt 00:00:02]} c5 {[%clk 00:50:16]} {[%emt
00:00:04]} 2. Nf3 {[%clk 00:50:23]} {[%emt 00:00:08]} g6 {[%clk 00:50:23]} 3.
c3 {[%clk 00:50:24]} {[%emt 00:00:09]} Bg7 {[%clk 00:50:29]} {[%emt 00:00:05]}
4. d4 {[%clk 00:50:31]} {[%emt 00:00:01]} cxd4 {[%clk 00:50:36]} {[%emt
00:00:04]} 5. cxd4 {[%clk 00:50:27]} {[%emt 00:00:13]} d5 {[%clk 00:50:41]}
{[%emt 00:00:05]} 6. Nc3 {[%clk 00:50:15]} {[%emt 00:00:23]} dxe4 {[%clk
00:49:18]} {[%emt 00:01:33]} 7. Nxe4 {[%clk 00:50:16]} {[%emt 00:00:08]} Nc6
{[%clk 00:48:49]} {[%emt 00:00:38]} 8. Bb5 {[%clk 00:48:57]} {[%emt 00:01:30]}
Qb6 {[%clk 00:48:27]} {[%emt 00:00:32]} 9. Bxc6+ {[%clk 00:47:45]} {[%emt
00:01:23]} Qxc6 {[%clk 00:48:22]} {[%emt 00:00:14]} 10. d5 {[%clk 00:45:24]}
{[%emt 00:02:31]} Qc4 {[%clk 00:47:21]} {[%emt 00:01:11]} 11. Nc3 {[%clk
00:44:34]} {[%emt 00:01:01]} Bg4 {[%clk 00:45:53]} {[%emt 00:01:38]} 12. Bd2
{[%clk 00:42:45]} {[%emt 00:01:58]} Nf6 {[%clk 00:45:00]} {[%emt 00:01:03]} 13.
Ne5 {[%clk 00:40:35]} {[%emt 00:02:21]} Qd4 {[%clk 00:40:48]} {[%emt 00:04:20]}
14. Nxg4 {[%clk 00:39:52]} {[%emt 00:00:54]} Nxg4 {[%clk 00:40:52]} {[%emt
00:00:06]} 15. O-O {[%clk 00:39:41]} {[%emt 00:00:20]} O-O {[%clk 00:40:51]}
{[%emt 00:00:12]} 16. h3 {[%clk 00:39:26]} {[%emt 00:00:26]} Ne5 {[%clk
00:39:55]} {[%emt 00:01:05]} 17. Qe2 {[%clk 00:34:46]} {[%emt 00:04:50]} a6
{[%clk 00:35:44]} {[%emt 00:04:22]} 18. Be3 {[%clk 00:34:17]} {[%emt 00:00:38]}
Qb4 {[%clk 00:35:34]} {[%emt 00:00:20]} 19. a3 {[%clk 00:34:00]} {[%emt
00:00:27]} Qb3 {[%clk 00:35:07]} {[%emt 00:00:37]} 20. Qd1 {[%clk 00:25:48]}
{[%emt 00:08:23]} Qc4 {[%clk 00:28:08]} {[%emt 00:07:08]} 21. Rc1 {[%clk
00:24:54]} {[%emt 00:01:04]} Nd3 {[%clk 00:26:11]} {[%emt 00:02:06]} 22. Rc2
{[%clk 00:24:45]} {[%emt 00:00:20]} Rfc8 {[%clk 00:24:48]} {[%emt 00:01:33]} 23.
Rd2 {[%clk 00:24:28]} {[%emt 00:00:26]} Nxb2 {[%clk 00:21:14]} {[%emt
00:03:45]} 24. Rxb2 {[%clk 00:24:25]} {[%emt 00:00:13]} Qxc3 {[%clk 00:17:44]}
{[%emt 00:03:40]} 25. Rxb7 {[%clk 00:24:17]} {[%emt 00:00:18]} Qxa3 {[%clk
00:17:41]} {[%emt 00:00:13]} 26. Bg5 {[%clk 00:21:48]} {[%emt 00:02:39]} Bf8
{[%clk 00:17:38]} {[%emt 00:00:13]} 27. Re1 {[%clk 00:21:06]} {[%emt 00:00:52]}
Re8 {[%clk 00:17:33]} {[%emt 00:00:15]} 28. Qe2 {[%clk 00:19:46]} {[%emt
00:01:30]} Qd6 {[%clk 00:17:35]} {[%emt 00:00:08]} 29. Qf3 {[%clk 00:19:05]}
{[%emt 00:00:51]} Rad8 {[%clk 00:16:48]} {[%emt 00:00:57]} 30. Rd1 {[%clk
00:18:47]} {[%emt 00:00:26]} Qc5 {[%clk 00:15:34]} {[%emt 00:01:26]} 31. Be3
{[%clk 00:18:36]} {[%emt 00:00:21]} Qa3 {[%clk 00:15:06]} {[%emt 00:00:38]} 32.
Rbb1 {[%clk 00:17:31]} {[%emt 00:01:14]} e6 {[%clk 00:14:06]} {[%emt 00:01:11]}
33. Rb7 {[%clk 00:16:27]} {[%emt 00:01:12]} Re7 {[%clk 00:12:25]} {[%emt
00:01:53]} 34. Qf6 {[%clk 00:14:40]} {[%emt 00:01:58]} Rxd5 {[%clk 00:08:53]}
{[%emt 00:03:42]} 35. Rxd5 {[%clk 00:14:35]} {[%emt 00:00:14]} exd5 {[%clk
00:08:57]} {[%emt 00:00:06]} 36. Bd4 {[%clk 00:14:27]} {[%emt 00:00:18]} Re1+
{[%clk 00:09:01]} {[%emt 00:00:05]} 37. Kh2 {[%clk 00:14:20]} {[%emt 00:00:18]}
Qd6+ {[%clk 00:09:04]} {[%emt 00:00:08]} 38. Qxd6 {[%clk 00:14:06]} {[%emt
00:00:23]} Bxd6+ {[%clk 00:09:09]} {[%emt 00:00:05]} 39. g3 {[%clk 00:14:12]}
{[%emt 00:00:04]} Be5 {[%clk 00:08:28]} {[%emt 00:00:51]} 40. Bc5 {[%clk
00:13:59]} {[%emt 00:00:22]} Rc1 {[%clk 00:08:24]} {[%emt 00:00:15]} 41. Be3
{[%clk 00:13:59]} {[%emt 00:00:10]} Rc8 {[%clk 00:07:27]} {[%emt 00:01:06]} 42.
Ra7 {[%clk 00:13:42]} {[%emt 00:00:28]} d4 {[%clk 00:06:31]} {[%emt 00:01:06]}
43. Bh6 {[%clk 00:13:48]} {[%emt 00:00:03]} Bg7 {[%clk 00:06:36]} {[%emt
00:00:07]} 44. Bxg7 {[%clk 00:13:51]} {[%emt 00:00:06]} Kxg7 {[%clk 00:06:41]}
{[%emt 00:00:05]} 45. Rxa6 {[%clk 00:13:59]} Rd8 {[%clk 00:06:45]} {[%emt
00:00:07]} 46. Ra2 {[%clk 00:14:07]} {[%emt 00:00:02]} Kf6 {[%clk 00:06:47]}
{[%emt 00:00:08]} 47. Kg2 {[%clk 00:14:15]} {[%emt 00:00:02]} Ke5 {[%clk
00:06:30]} {[%emt 00:00:27]} 48. Kf3 {[%clk 00:14:19]} {[%emt 00:00:07]} h5
{[%clk 00:06:29]} {[%emt 00:00:11]} 49. Ke2 {[%clk 00:13:55]} {[%emt 00:00:33]}
h4 {[%clk 00:06:21]} {[%emt 00:00:19]} 50. g4 {[%clk 00:13:30]} {[%emt
00:00:35]} Ke4 {[%clk 00:06:08]} {[%emt 00:00:22]} 51. Ra7 {[%clk 00:13:07]}
{[%emt 00:00:33]} f6 {[%clk 00:05:58]} {[%emt 00:00:20]} 52. Re7+ {[%clk
00:12:53]} {[%emt 00:00:23]} Kd5 {[%clk 00:05:41]} {[%emt 00:00:27]} 53. Kd3
{[%clk 00:12:56]} {[%emt 00:00:07]} g5 {[%clk 00:04:23]} {[%emt 00:01:29]} 54.
Re4 {[%clk 00:12:31]} {[%emt 00:00:35]} Kc5 {[%clk 00:04:31]} {[%emt 00:00:02]}
55. Re6 {[%clk 00:12:34]} {[%emt 00:00:06]} Ra8 {[%clk 00:04:33]} {[%emt
00:00:09]} 56. Rxf6 {[%clk 00:12:33]} {[%emt 00:00:12]} Ra3+ {[%clk 00:04:41]}
{[%emt 00:00:01]} 57. Kc2 {[%clk 00:12:31]} {[%emt 00:00:11]} Rxh3 {[%clk
00:04:48]} {[%emt 00:00:04]} 58. Rf5+ {[%clk 00:12:34]} {[%emt 00:00:06]} Kc4
{[%clk 00:04:56]} {[%emt 00:00:02]} 59. Rxg5 {[%clk 00:12:40]} {[%emt
00:00:05]} Rf3 {[%clk 00:04:43]} {[%emt 00:00:24]} 60. Rf5 {[%clk 00:12:38]}
{[%emt 00:00:09]} Rxf5 {[%clk 00:04:44]} {[%emt 00:00:12]} 61. gxf5 {[%clk
00:12:46]} {[%emt 00:00:02]} Kd5 {[%clk 00:04:52]} {[%emt 00:00:01]} 62. Kd3
{[%clk 00:12:54]} {[%emt 00:00:01]} h3 {[%clk 00:05:01]} {[%emt 00:00:02]} 63.
f6 {[%clk 00:13:01]} {[%emt 00:00:03]} Ke6 {[%clk 00:05:10]} 64. Ke4 {[%clk
00:13:07]} {[%emt 00:00:04]} h2 {[%clk 00:05:18]} {[%emt 00:00:02]} 0-1

[Event "English Schools Championship Final 2024"]
[Site "Nottingham University Kings Meadow Campus, United Kingdom"]
[Date "2024.06.28"]
[Round "5.51"]
[White "Huang, Henry"]
[Black "Moore, Ryan"]
[Result "1/2-1/2"]
[TimeControl "G50' + 10\" per move."]
[WhiteFideId "447129"]
[BlackFideId "343415350"]
[WhiteElo "1783"]
[BlackElo "1553"]

1. d4 {[%clk 00:50:18]} {[%emt 00:00:02]} Nf6 {[%clk 00:50:15]} {[%emt
00:00:05]} 2. c4 {[%clk 00:50:23]} {[%emt 00:00:07]} e6 {[%clk 00:50:21]}
{[%emt 00:00:02]} 3. Nc3 {[%clk 00:50:26]} {[%emt 00:00:08]} d5 {[%clk
00:50:03]} {[%emt 00:00:28]} 4. cxd5 {[%clk 00:50:18]} {[%emt 00:00:18]} exd5
{[%clk 00:50:02]} {[%emt 00:00:12]} 5. Bg5 {[%clk 00:50:19]} {[%emt 00:00:09]}
c6 {[%clk 00:48:56]} {[%emt 00:01:15]} 6. e3 {[%clk 00:49:42]} {[%emt
00:00:48]} Bf5 {[%clk 00:47:46]} {[%emt 00:01:18]} 7. Qb3 {[%clk 00:48:36]}
{[%emt 00:01:17]} Qb6 {[%clk 00:46:48]} {[%emt 00:01:08]} 8. Qxb6 {[%clk
00:47:19]} {[%emt 00:01:27]} axb6 {[%clk 00:46:56]} {[%emt 00:00:02]} 9. Bxf6
{[%clk 00:47:02]} {[%emt 00:00:27]} gxf6 {[%clk 00:47:04]} {[%emt 00:00:02]} 10.
g3 {[%clk 00:44:14]} {[%emt 00:02:58]} Bb4 {[%clk 00:45:34]} {[%emt 00:01:38]}
11. Bg2 {[%clk 00:43:32]} {[%emt 00:00:53]} O-O {[%clk 00:41:56]} {[%emt
00:03:49]} 12. Nge2 {[%clk 00:41:58]} {[%emt 00:01:44]} Nd7 {[%clk 00:40:19]}
{[%emt 00:01:47]} 13. O-O {[%clk 00:41:31]} {[%emt 00:00:37]} Rfe8 {[%clk
00:39:28]} {[%emt 00:01:01]} 14. a3 {[%clk 00:36:39]} {[%emt 00:05:03]} Bd6
{[%clk 00:38:51]} {[%emt 00:00:46]} 15. Rac1 {[%clk 00:35:02]} {[%emt
00:01:47]} b5 {[%clk 00:36:40]} {[%emt 00:02:21]} 16. Nf4 {[%clk 00:26:05]}
{[%emt 00:09:08]} Nb6 {[%clk 00:33:21]} {[%emt 00:03:28]} 17. Bh3 {[%clk
00:24:01]} {[%emt 00:02:14]} Bxh3 {[%clk 00:32:03]} {[%emt 00:01:28]} 18. Nxh3
{[%clk 00:24:08]} {[%emt 00:00:03]} Nc4 {[%clk 00:31:35]} {[%emt 00:00:38]} 19.
Rc2 {[%clk 00:22:16]} {[%emt 00:02:02]} b4 {[%clk 00:30:39]} {[%emt 00:01:06]}
20. axb4 {[%clk 00:21:27]} {[%emt 00:00:59]} Bxb4 {[%clk 00:30:38]} {[%emt
00:00:11]} 21. Nf4 {[%clk 00:20:16]} {[%emt 00:01:21]} Bxc3 {[%clk 00:27:39]}
{[%emt 00:03:08]} 22. bxc3 {[%clk 00:15:18]} {[%emt 00:05:08]} Kg7 {[%clk
00:26:11]} {[%emt 00:01:39]} 23. Ng2 {[%clk 00:08:25]} {[%emt 00:07:04]} Ra3
{[%clk 00:24:54]} {[%emt 00:01:26]} 24. Nh4 {[%clk 00:05:44]} {[%emt 00:02:51]}
Nd6 {[%clk 00:23:19]} {[%emt 00:01:45]} 25. Nf3 {[%clk 00:04:57]} {[%emt
00:00:57]} b5 {[%clk 00:21:48]} {[%emt 00:01:40]} 26. Nd2 {[%clk 00:04:30]}
{[%emt 00:00:38]} f5 {[%clk 00:21:00]} {[%emt 00:00:58]} 27. Rb1 {[%clk
00:03:17]} {[%emt 00:01:23]} Ne4 {[%clk 00:19:58]} {[%emt 00:01:12]} 28. Nxe4
{[%clk 00:02:47]} {[%emt 00:00:41]} fxe4 {[%clk 00:20:04]} {[%emt 00:00:03]} 29.
Kf1 {[%clk 00:02:14]} {[%emt 00:00:43]} f5 {[%clk 00:19:32]} {[%emt 00:00:41]}
30. Ke2 {[%clk 00:02:00]} {[%emt 00:00:25]} Rea8 {[%clk 00:18:19]} {[%emt
00:01:23]} 31. Kd2 {[%clk 00:02:08]} {[%emt 00:00:02]} Kg6 {[%clk 00:17:44]}
{[%emt 00:00:45]} 32. Rcb2 {[%clk 00:01:33]} {[%emt 00:00:45]} Kg5 {[%clk
00:16:54]} {[%emt 00:01:01]} 33. h3 {[%clk 00:01:15]} {[%emt 00:00:28]} R8a4
{[%clk 00:15:56]} {[%emt 00:01:07]} 34. Kc2 {[%clk 00:00:51]} {[%emt 00:00:33]}
h5 {[%clk 00:15:46]} {[%emt 00:00:21]} 35. Rb3 {[%clk 00:00:37]} {[%emt
00:00:24]} Ra2+ {[%clk 00:14:40]} {[%emt 00:01:16]} 36. R3b2 {[%clk 00:00:43]}
{[%emt 00:00:04]} Kf6 {[%clk 00:13:26]} {[%emt 00:01:24]} 37. Rxa2 {[%clk
00:00:50]} {[%emt 00:00:04]} Rxa2+ {[%clk 00:13:34]} {[%emt 00:00:01]} 38. Rb2
{[%clk 00:00:59]} Ra3 {[%clk 00:13:19]} {[%emt 00:00:25]} 39. Rb3 {[%clk
00:01:08]} {[%emt 00:00:02]} Ra2+ {[%clk 00:13:27]} {[%emt 00:00:02]} 40. Rb2
{[%clk 00:01:17]} {[%emt 00:00:01]} Ra3 {[%clk 00:11:58]} {[%emt 00:01:39]} 41.
Rb3 {[%clk 00:01:25]} 1/2-1/2

[Event "English Schools Championship Final 2024"]
[Site "Nottingham University Kings Meadow Campus, United Kingdom"]
[Date "2024.06.28"]
[Round "5.52"]
[White "Amir, Zain"]
[Black "Razumovsky-Hough, Louis"]
[Result "0-1"]
[TimeControl "G50' + 10\" per move."]
[WhiteFideId "473227"]
[WhiteElo "1649"]
[BlackElo "1726"]

1. d4 {[%clk 00:50:17]} {[%emt 00:00:02]} Nf6 {[%clk 00:50:17]} {[%emt
00:00:04]} 2. Bf4 {[%clk 00:50:22]} {[%emt 00:00:08]} c6 {[%clk 00:50:05]}
{[%emt 00:00:22]} 3. Nf3 {[%clk 00:50:17]} {[%emt 00:00:15]} d5 {[%clk
00:50:08]} {[%emt 00:00:05]} 4. e3 {[%clk 00:50:08]} {[%emt 00:00:19]} Bf5
{[%clk 00:50:08]} {[%emt 00:00:10]} 5. Bd3 {[%clk 00:50:06]} {[%emt 00:00:11]}
Bg6 {[%clk 00:50:13]} {[%emt 00:00:06]} 6. Ne5 {[%clk 00:49:12]} {[%emt
00:01:04]} Qb6 {[%clk 00:49:28]} {[%emt 00:00:55]} 7. Bxg6 {[%clk 00:47:47]}
{[%emt 00:01:35]} hxg6 {[%clk 00:49:22]} {[%emt 00:00:14]} 8. Qc1 {[%clk
00:47:33]} {[%emt 00:00:26]} Nh5 {[%clk 00:48:49]} {[%emt 00:00:44]} 9. Bg5
{[%clk 00:46:02]} {[%emt 00:01:39]} Nd7 {[%clk 00:44:44]} {[%emt 00:04:17]} 10.
Nxd7 {[%clk 00:45:15]} {[%emt 00:00:56]} Kxd7 {[%clk 00:44:51]} {[%emt
00:00:02]} 11. g4 {[%clk 00:44:35]} {[%emt 00:00:51]} Nf6 {[%clk 00:43:52]}
{[%emt 00:01:09]} 12. Bxf6 {[%clk 00:44:08]} {[%emt 00:00:37]} gxf6 {[%clk
00:43:40]} {[%emt 00:00:20]} 13. Nd2 {[%clk 00:43:08]} {[%emt 00:01:11]} e5
{[%clk 00:43:02]} {[%emt 00:00:48]} 14. c3 {[%clk 00:42:58]} {[%emt 00:00:21]}
Re8 {[%clk 00:42:41]} {[%emt 00:00:31]} 15. Kd1 {[%clk 00:42:07]} {[%emt
00:01:00]} Rh3 {[%clk 00:40:16]} {[%emt 00:02:35]} 16. Kc2 {[%clk 00:39:33]}
{[%emt 00:02:44]} exd4 {[%clk 00:39:12]} {[%emt 00:01:14]} 17. exd4 {[%clk
00:37:57]} {[%emt 00:01:47]} Re2 {[%clk 00:37:09]} {[%emt 00:02:12]} 18. Rb1
{[%clk 00:36:01]} {[%emt 00:02:06]} Bh6 {[%clk 00:37:03]} {[%emt 00:00:17]} 19.
Rd1 {[%clk 00:33:08]} {[%emt 00:03:02]} Qb5 {[%clk 00:36:55]} {[%emt 00:00:19]}
20. b4 {[%clk 00:31:22]} {[%emt 00:01:55]} Qd3+ {[%clk 00:35:28]} {[%emt
00:01:37]} 0-1

[Event "English Schools Championship Final 2024"]
[Site "Nottingham University Kings Meadow Campus, United Kingdom"]
[Date "2024.06.28"]
[Round "5.53"]
[White "Clery, Liam"]
[Black "Goyal, Krish"]
[Result "1-0"]
[TimeControl "G50' + 10\" per move."]
[WhiteFideId "343402879"]
[BlackFideId "14320274"]
[WhiteElo "1797"]
[BlackElo "1623"]

1. e4 {[%clk 00:50:13]} {[%emt 00:00:07]} c5 {[%clk 00:50:18]} {[%emt
00:00:02]} 2. Nf3 {[%clk 00:50:11]} {[%emt 00:00:11]} d6 {[%clk 00:50:24]}
{[%emt 00:00:04]} 3. Bb5+ {[%clk 00:50:13]} {[%emt 00:00:08]} Nc6 {[%clk
00:50:16]} {[%emt 00:00:19]} 4. O-O {[%clk 00:50:10]} {[%emt 00:00:12]} a6
{[%clk 00:49:58]} {[%emt 00:00:29]} 5. Bxc6+ {[%clk 00:50:07]} {[%emt
00:00:13]} bxc6 {[%clk 00:50:06]} {[%emt 00:00:01]} 6. c4 {[%clk 00:48:44]}
{[%emt 00:01:33]} g6 {[%clk 00:48:44]} {[%emt 00:01:33]} 7. d4 {[%clk
00:48:38]} {[%emt 00:00:16]} cxd4 {[%clk 00:48:31]} {[%emt 00:00:22]} 8. Nxd4
{[%clk 00:46:14]} {[%emt 00:02:34]} Bg7 {[%clk 00:45:11]} {[%emt 00:03:31]} 9.
Nc3 {[%clk 00:44:00]} {[%emt 00:02:23]} c5 {[%clk 00:42:54]} {[%emt 00:02:28]}
10. Nde2 {[%clk 00:42:11]} {[%emt 00:01:58]} Nf6 {[%clk 00:41:37]} {[%emt
00:01:28]} 11. f3 {[%clk 00:41:37]} {[%emt 00:00:43]} O-O {[%clk 00:41:26]}
{[%emt 00:00:21]} 12. Be3 {[%clk 00:41:19]} {[%emt 00:00:27]} Rb8 {[%clk
00:38:12]} {[%emt 00:03:25]} 13. b3 {[%clk 00:40:47]} {[%emt 00:00:42]} Bd7
{[%clk 00:35:21]} {[%emt 00:03:01]} 14. Qd2 {[%clk 00:38:34]} {[%emt 00:02:22]}
a5 {[%clk 00:31:22]} {[%emt 00:04:11]} 15. Rfd1 {[%clk 00:33:33]} {[%emt
00:05:07]} Rb4 {[%clk 00:28:17]} {[%emt 00:03:19]} 16. e5 {[%clk 00:29:07]}
{[%emt 00:04:35]} Ne8 {[%clk 00:25:56]} {[%emt 00:02:31]} 17. exd6 {[%clk
00:26:50]} {[%emt 00:02:27]} exd6 {[%clk 00:25:47]} {[%emt 00:00:19]} 18. Bxc5
{[%clk 00:23:54]} {[%emt 00:03:06]} dxc5 {[%clk 00:20:00]} {[%emt 00:05:58]} 19.
Qxd7 {[%clk 00:23:50]} {[%emt 00:00:13]} Qg5 {[%clk 00:18:05]} {[%emt
00:02:04]} 20. Rac1 {[%clk 00:19:32]} {[%emt 00:04:29]} Qe5 {[%clk 00:14:01]}
{[%emt 00:04:13]} 21. Qd5 {[%clk 00:16:43]} {[%emt 00:03:00]} Qc7 {[%clk
00:11:59]} {[%emt 00:02:10]} 22. Ne4 {[%clk 00:15:34]} {[%emt 00:01:21]} Nf6
{[%clk 00:09:50]} {[%emt 00:02:20]} 23. Qxc5 {[%clk 00:15:06]} {[%emt
00:00:37]} Qxc5+ {[%clk 00:09:26]} {[%emt 00:00:34]} 24. Nxc5 {[%clk 00:15:09]}
{[%emt 00:00:07]} Rc8 {[%clk 00:08:54]} {[%emt 00:00:42]} 25. Nd3 {[%clk
00:13:59]} {[%emt 00:01:20]} Rb7 {[%clk 00:08:36]} {[%emt 00:00:27]} 26. Nc3
{[%clk 00:12:32]} {[%emt 00:01:38]} Bh6 {[%clk 00:07:25]} {[%emt 00:01:21]} 27.
Rc2 {[%clk 00:11:37]} {[%emt 00:01:06]} g5 {[%clk 00:06:42]} {[%emt 00:00:53]}
28. Re2 {[%clk 00:10:48]} {[%emt 00:00:58]} g4 {[%clk 00:06:25]} {[%emt
00:00:27]} 29. Kf2 {[%clk 00:10:46]} {[%emt 00:00:12]} Rd7 {[%clk 00:05:29]}
{[%emt 00:01:06]} 30. Ne4 {[%clk 00:09:19]} {[%emt 00:01:37]} Nxe4+ {[%clk
00:05:11]} {[%emt 00:00:28]} 31. Rxe4 {[%clk 00:09:18]} {[%emt 00:00:10]} Rcd8
{[%clk 00:04:27]} {[%emt 00:00:56]} 32. Rxg4+ {[%clk 00:09:09]} {[%emt
00:00:17]} Kf8 {[%clk 00:04:25]} {[%emt 00:00:12]} 33. Ke2 {[%clk 00:09:02]}
{[%emt 00:00:18]} Re8+ {[%clk 00:04:23]} {[%emt 00:00:12]} 34. Re4 {[%clk
00:09:03]} {[%emt 00:00:09]} Red8 {[%clk 00:03:59]} {[%emt 00:00:34]} 35. f4
{[%clk 00:08:52]} {[%emt 00:00:21]} Kg7 {[%clk 00:03:59]} {[%emt 00:00:11]} 36.
g3 {[%clk 00:08:42]} {[%emt 00:00:19]} Kf6 {[%clk 00:03:58]} {[%emt 00:00:11]}
37. Nf2 {[%clk 00:08:13]} {[%emt 00:00:38]} Rxd1 {[%clk 00:03:51]} {[%emt
00:00:18]} 38. Nxd1 {[%clk 00:08:11]} {[%emt 00:00:08]} Bf8 {[%clk 00:03:59]}
{[%emt 00:00:06]} 39. Ne3 {[%clk 00:07:19]} {[%emt 00:01:02]} Bb4 {[%clk
00:03:57]} {[%emt 00:00:11]} 40. Nd5+ {[%clk 00:06:35]} {[%emt 00:00:55]} Kf5
{[%clk 00:04:05]} {[%emt 00:00:02]} 41. Kf3 {[%clk 00:06:06]} {[%emt 00:00:39]}
h5 {[%clk 00:03:56]} {[%emt 00:00:20]} 42. h3 {[%clk 00:05:49]} {[%emt
00:00:27]} Kg6 {[%clk 00:03:24]} {[%emt 00:00:41]} 43. Nxb4 {[%clk 00:05:32]}
{[%emt 00:00:27]} axb4 {[%clk 00:03:33]} {[%emt 00:00:01]} 44. c5 {[%clk
00:05:17]} {[%emt 00:00:26]} Rd2 {[%clk 00:03:09]} {[%emt 00:00:34]} 45. c6
{[%clk 00:05:03]} {[%emt 00:00:23]} Rxa2 {[%clk 00:03:17]} {[%emt 00:00:02]} 46.
c7 {[%clk 00:05:04]} {[%emt 00:00:10]} Ra8 {[%clk 00:03:25]} {[%emt 00:00:01]}
47. Rc4 {[%clk 00:05:08]} {[%emt 00:00:06]} Rc8 {[%clk 00:03:34]} {[%emt
00:00:02]} 48. Ke4 {[%clk 00:05:09]} {[%emt 00:00:08]} Kf6 {[%clk 00:03:43]}
{[%emt 00:00:02]} 49. Kd5 {[%clk 00:05:08]} {[%emt 00:00:11]} Ke7 {[%clk
00:03:52]} 50. Kc6 {[%clk 00:05:09]} {[%emt 00:00:08]} f6 {[%clk 00:03:31]}
{[%emt 00:00:30]} 51. Kb7 {[%clk 00:05:14]} {[%emt 00:00:05]} Kd7 {[%clk
00:03:39]} {[%emt 00:00:02]} 52. Rd4 {[%clk 00:05:21]} {[%emt 00:00:04]} 1-0